| 000 | 00425nam a2200157Ia 4500 | ||
|---|---|---|---|
| 005 | 20250702021544.0 | ||
| 008 | 240331s9999 xx 000 0 und d | ||
| 020 | _a9555840954 | ||
| 082 |
_bABE _a398 |
||
| 100 | _aAbepala,R | ||
| 245 | 0 | _aSri Lankawe natya ha ranga kalawa | |
| 260 |
_aKotittawa _bSara Printing and Publication _c1994 |
||
| 300 | _a127 p ., | ||
| 500 | _aDrama and performing arts in Sri Lanka | ||
| 942 | _cL | ||
| 999 |
_c5132 _d5132 |
||